Memorandum on the standard method of measurement of building works (Record no. 97752)
[ view plain ]
| 000 -LEADER | |
|---|---|
| fixed length control field | 00559cam a2200193 4500 |
| 001 - CONTROL NUMBER | |
| control field | D6235 |
| 008 - FIXED-LENGTH DATA ELEMENTS--GENERAL INFORMATION | |
| fixed length control field | 1964 |
| 035 ## - SYSTEM CONTROL NUMBER | |
| System control number | (Sirsi) u92512 |
| 041 ## - LANGUAGE CODE | |
| Language code of text/sound track or separate title | eng |
| 050 ## - LIBRARY OF CONGRESS CALL NUMBER | |
| Classification number | 692.3 |
| 110 ## - MAIN ENTRY--CORPORATE NAME | |
| Corporate name or jurisdiction name as entry element | Joint Standing Committee of ArchitectsSurveyors and Buildi |
| 9 (RLIN) | 2882 |
| 245 ## - TITLE STATEMENT | |
| Title | Memorandum on the standard method of measurement of building works |
| 260 ## - PUBLICATION, DISTRIBUTION, ETC. | |
| Place of publication, distribution, etc. | Edinburgh |
| Name of publisher, distributor, etc. | Joint Standing Committee of Architects, |
| 300 ## - PHYSICAL DESCRIPTION | |
| Extent | 27p. 28cm |
| 350 ## - PRICE (NR) (BK AM CF MU VM SE) [OBSOLETE] | |
| Price | 0 |
| 520 ## - SUMMARY, ETC. | |
| Summary, etc. | Filed at SMM 1964/1BCDE |
| 942 ## - ADDED ENTRY ELEMENTS (KOHA) | |
| Suppress in OPAC | 0 |
| 948 ## - LOCAL PROCESSING INFORMATION (OCLC); SERIES PART DESIGNATOR (RLIN) | |
| c (OCLC) | 04/03/1997 |
| Withdrawn status | Lost status | Source of classification or shelving scheme | Damaged status | Not for loan | Home library | Current library | Shelving location | Date acquired | Total Checkouts | Full call number | Barcode | Date last seen | Copy number | Price effective from | Koha item type |
|---|---|---|---|---|---|---|---|---|---|---|---|---|---|---|---|
| Other/Generic Classification Scheme | London | London | Gallery | 09/01/1992 | SMM 1964/1 | 30032074 | 06/08/2019 | 1 | 06/08/2019 | Book | |||||
| Other/Generic Classification Scheme | London | London | Gallery | 09/01/1992 | SMM 1964/1 | 30032078 | 06/08/2019 | 2 | 06/08/2019 | Book | |||||
| Other/Generic Classification Scheme | London | London | Gallery | 09/01/1992 | SMM 1964/1 | 30032082 | 06/08/2019 | 3 | 06/08/2019 | Book | |||||
| Other/Generic Classification Scheme | London | London | Gallery | 09/01/1992 | SMM 1964/1 | 30032144 | 06/08/2019 | 4 | 06/08/2019 | Book |